|
|
|
|
| LEADER |
00643nta a2200157 i 4500 |
| 001 |
dipl28057 |
| 005 |
20130314085326.0 |
| 008 |
110718s2003 hu om 0|| zxx d |
| 040 |
|
|
|a SZTE Diploma Repozitórium
|b hun
|
| 041 |
|
|
|a zxx
|
| 100 |
2 |
|
|a Debreczeniné Donka Csilla
|
| 245 |
1 |
2 |
|a A gyermeket vállaló családok szociális biztonságának alakulása, a rendszerváltozás óta
|h [elektronikus dokumentum] /
|c Csilla Debreczeniné Donka
|
| 260 |
|
|
|c 2003
|
| 650 |
|
4 |
|a Jogi és igazgatási tanulmányok
|
| 700 |
1 |
|
|a Pogány Magdolna
|e ths
|
| 856 |
4 |
0 |
|u http://diploma.bibl.u-szeged.hu/id/eprint/28057/1/2003_debreczenine_donka_csilla.pdf
|z Dokumentum-elérés
|